000 01126cam a22003017a 4500
003 CHAP
005 20220329134909.0
008 971013s1984 r 00010 d
010 _a27711
011 _a28683
035 _a32790
040 _cCHAP
082 _a632.7
_bK5
100 0 0 _aKing, A. B. S.
_963253
245 1 4 _aLas plagas invertebradas de cultivos anuales alimenticios en América Central
_b: una guía para su reconocimiento
260 _aTurrialba :
_bCentro Agronómico Tropical de Investigación y Enseñanza. Departamento de Producción Vegetal,
_c1984
300 _a182 p.
_b: ilus.
590 _aBATCH-UPD
_b10
_c20130110
_lUCH01
_h1745
590 _aCONVERSION
_b10
_c20130109
_lUCH01
_h1316
650 1 4 _aCultivos
_xPlagas.
_930305
700 0 _aSaunders, J. L.
_9102753
901 _aBK
942 _cLIBRO
949 _a632.7 K5
_bBC
_cC
_d33724000648184
_eC
_h64939
_i32790
_si
949 _a632.7 K5
_bBC
_cC
_d33724000648192
_eC
_fc.3
_h64941
_i32790
_si
949 _a632.7 K5
_bBC
_cC
_d33724000880530
_eC
_fc.4
_gI. 132629
_h69087
_i32790
_sb
949 _a632.7 K5
_bBC
_cC
_d33724000943023
_eC
_fc.2
_h64940
_i32790
_si
999 _c27711
_d27711